| 000 | 00730nam a22001937a 4500 | ||
|---|---|---|---|
| 003 | BD-DhUL | ||
| 005 | 20160922160301.0 | ||
| 008 | 160201s1994 bg ao||| |||| 00| 0 ben | ||
| 040 |
_aBD-DhUL _cBD-DhUL |
||
| 082 | 0 |
_a954.92 _bSAM |
|
| 100 | 1 | _aশামসুল আলম সঈদ | |
| 245 | 0 | 0 |
_aমুক্তিযুদ্ধের মুখ চট্টগ্রাম / _cশামসুল আলম সঈদ |
| 260 |
_aঢাকা : _bকাকলী প্রকাশনী, _c১৯৯৪ |
||
| 300 |
_a৮৭ পৃ. : _bচিত্র ; _c২২ সেমি. |
||
| 365 |
_aBDT _b330 |
||
| 651 | 0 |
_aBangladesh _xHistory |
|
| 700 | 1 |
_aসাদিক, মুসা _eসম্পাদক |
|
| 942 |
_2ddc _cBK |
||
| 999 |
_c105392 _d105392 |
||